| 000 | 00528nam a2200181Ia 4500 | ||
|---|---|---|---|
| 003 | GCL | ||
| 008 | 140319s9999 xx 000 0 ara d | ||
| 040 |
_aGCL / _cGCL |
||
| 082 | 0 | 4 |
_a813.009 _bر ق |
| 100 | 1 | _aرجاء عيد | |
| 245 | 1 | 0 |
_aقراءة فى أدب نجيب محفوظ: رؤية نقدية / _cرجاء عيد |
| 260 |
_a[S.N] : _bمنشاة المعارف الاسلامية ، _c1989 |
||
| 300 | _a467 ص | ||
| 490 | _a | ||
| 650 | 0 | 4 | _aالادب |
| 650 | 0 | 4 | _aالنقد الادبى |
| 942 |
_2ddc _cBK |
||
| 999 |
_c37171 _d37171 |
||